000 00680nam a2200229Ia 4500
005 20241129104132.0
008 241129s9999||||xx |||||||||||||| ||und||
020 _a9781032305929
037 _aTextual
040 _aRTL
_beng
_cRTL
041 _aeng
_2eng
084 _aX:3L R3
_qRTL
100 _aRutar Tibor
_9724935
245 0 _aCapitalism for realists: Virtues and vices of the modern economy
_cRutar Tibor
260 _aNew York
_bRoutledge
_c2023
300 _aix,178p.
365 _aINR
_b3539.24
490 _aRoutledge Studies in Political Sociology.
650 _aModern Capitalism
_9724936
942 _cTB
_hX:3L R3
999 _c1224576
_d1224576